Technologické zariadenia pre tepelné spracovanie vo vákuu : Bakalárska práca

Saved in:
Bibliographic Details
Main Author: Vyskoč, Andrej (Author)
Other Authors: Moravčík, Roman, 1973- (xxx)
Format: Manuscript Book
Language:Slovak
Published: Trnava : STU v Bratislave MtF KTZS, 2006
Subjects:
Tags: Add Tag
No Tags, Be the first to tag this record!

MARC

LEADER 00000ntm a22000003a 4500
001 stu129419
005 20160719155509.3
008 061109s2006----xo------------------slo-d
040 |a STU  |b slo 
041 0 |a slo 
044 |a xo 
100 1 |a Vyskoč, Andrej  |4 aut 
245 1 |a Technologické zariadenia pre tepelné spracovanie vo vákuu :  |b Bakalárska práca 
260 |a Trnava :  |b STU v Bratislave MtF KTZS,  |c 2006 
300 |a 51 s  |c 1 CD-ROM 
650 7 |a technologické zariadenia a systémy  |2 stusub 
650 7 |a vákuové tepelné spracovanie  |2 stusub 
650 7 |a vákuové zariadenia  |2 stusub 
700 1 |a Moravčík, Roman,  |d 1973-  |4 xxx  |u M1000  |U MTF Materiálovotechnologická fakulta  |T MTF Ústav materiálov  |X 1473  |U M1000  |Y 81  |7 A000001473 
996 |b 284M074749  |c M*BP-2002  |l MMSKP  |s P  |a 0  |w stu129419_0001